000 00285nam a22001337a 4500
008 170726b xxu||||| |||| 00| 0 eng d
020 _a0029464919
041 _aeng
080 _a004
100 _a30
101 _aSHK
245 _aOPERATING SYSTEMS
_cSTALLINGS,W
942 _2udc
_cBK
999 _c21928
_d21928